Statistics for All Fleet Foxes Songs

Click here to take the quiz!

General Stats

  • This quiz has been taken 10 times
  • The average score is 63 of 84

Answer Stats

Answer% Correct
Battery Kinzie
100%
Bedouin Dress
100%
Cassius, -
100%
Crack-Up
100%
Cradling Mother, Cradling Woman
100%
Featherweight
100%
Featherweight (Acoustic Version)
100%
Featherweight (Solstice Version)
100%
Fool's Errand
100%
Helplessness Blues
100%
Helplessness Blues (Solstice Version)
100%
I'm Not My Season
100%
I'm Not My Season (Solstice Version)
100%
Montezuma
100%
Mykonos
100%
On Another Ocean (January / June)
100%
Quiet Air / Gioia
100%
Shore
100%
Sim Sala Bim
100%
Sunblind
100%
Sunblind (Acoustic Version)
100%
Sunblind (Solstice Version)
100%
Sun Giant
100%
The Plains / Bitter Dancer
100%
Third of May / Ōdaigahara
100%
Thymia
100%
Wading In Waist-High Water
100%
Wading in Waist-High Water (Solstice Version)
100%
White Winter Hymnal
100%
Young Man's Game
100%
A Long Way Past The Past
75%
A Long Way Past The Past (Solstice Version)
75%
Blue Ridge Mountains
75%
Can I Believe You
75%
Can I Believe You (Solstice Version)
75%
Drops in the River
75%
English House
75%
Going-to-the-Sun-Road
75%
Going-to-the-Sun Road (Acoustic Version)
75%
Grown Ocean
75%
He Doesn't Know Why
75%
I Am All That I Need / Arroyo Seco / Thumbprint Scar
75%
Icicle Tusk
75%
If You Need To, Keep Time on Me
75%
If You Need To, Keep Time on Me (Solstice Version)
75%
In the Hot Hot Rays
75%
I Should See Memphis
75%
Jara
75%
Maestranza
75%
Maestranza (Solstice Version)
75%
Mearcstapa
75%
Oliver James
75%
Ragged Wood
75%
Ragged Wood (Basement Sketch)
75%
Sun It Rises
75%
Textbook Love
75%
The Cascades
75%
The Shrine / An Argument
75%
White Lace Regretfully
75%
Your Protector
75%
Blue Spotted Tail
50%
Blue Spotted Tail (Solstice Version)
50%
False Knight on the Road
50%
For A Week Or Two
50%
Heard Them Stirring
50%
Innocent Son
50%
Isles
50%
Kept Woman
50%
Lorelai
50%
Meadowlarks
50%
- Naiads, Cassadies
50%
Quiet Houses
50%
Silver Dagger
50%
Silver Dagger (Solstice Version)
50%
So Long to the Headstrong
50%
Someone You'd Admire
50%
Tiger Mountain Peasant Song
50%
Tiger Mountain Peasant Song (Solstice Version)
50%
Anyone Who's Anyone
25%
Hot Air (Basement Sketch)
25%
In The Morning (Solstice Version)
25%
She Got Dressed
25%
English House (Basement Demo)
0%
He Doesn't Know Why (Basement Demo)
0%

Score Distribution

Percentile by Number Answered

Percent of People with Each Score

Your Score History

You have not taken this quiz